000 00620nam a2200229Ia 4500
005 20260320201758.0
008 008 262003s9999 xx 000 0 eng d
037 _aEBOOK
040 _aCRL
040 _beng
040 _cCRL
041 _2eng
041 _aeng
084 _qCRL
100 _aYehoshua
_91135906
245 0 _aAntivirus Bypass Techniques: Learn practical techniques and tactics to combat, bypass, and evade antivirus software
260 _bIEEE
856 _uhttps://ieeexplore.ieee.org/servlet/opac?bknumber=10163161
942 _cEBOOK
999 _c1723486
_d1723486